Statistics for Most-Visited Countries by U.S. Presidents

Click here to take the quiz!

General Stats

  • This quiz has been taken 144,455 times
    (58,361 since last reset)
  • The average score is 17 of 22

Answer Stats

# of VisitsNotesCountry% Correct
49incl. Bermuda (6)United Kingdom
99%
45incl. Guadeloupe (1), Martinique (3), Saint-Martin (1)France
98%
41excl. Newfoundland (2)Canada
97%
34Mexico
97%
16excl. Soviet Union (6)Russia
97%
13China
96%
35incl. West Germany (12)Germany
96%
25Japan
93%
11Spain
93%
32Italy
92%
13Brazil
91%
20South Korea
83%
16Poland
78%
12Ireland
75%
17Egypt
70%
20Belgium
69%
12Switzerland
67%
13Saudi Arabia
65%
13Israel
63%
10Philippines
48%
10Panama
40%
22Vatican City
37%

Score Distribution

Percentile by Number Answered

Percent of People with Each Score

Your Score History

You have not taken this quiz since the last reset